| 000 | 00730cab a2200241 4500 | ||
|---|---|---|---|
| 001 | ABS55741 | ||
| 008 | 090401t1996 xxu||||| |||| 00| 0 eng d | ||
| 035 | _a(Sirsi) u18482 | ||
| 041 | _aeng | ||
| 100 | _aSugden, P. | ||
| 245 | _aFirms need to use the same standard | ||
| 260 | _c1996 | ||
| 350 | _a0 | ||
| 490 |
_aProperty Week _v56(9) 30 August 1996, 17(1) |
||
| 520 | _aAdvocates the use of the `Standard Conditions of Sale` in the conveyancing process for the sale of commercial property. | ||
| 650 | _aPROPERTY-COMMERCIAL PROPERTY | ||
| 650 | _aCONVEYANCING | ||
| 650 | _aINSURANCE COVER | ||
| 650 | _aSTANDARD CONDITIONS OF SALE | ||
| 690 | _aPROPERTY LAW AND PRACTICE | ||
| 942 | _n0 | ||
| 948 | _c04/03/1997 | ||
| 999 |
_c12289 _d12289 |
||